Los pasajeros del tren de Hankyū

I tiakina i:
Ngā taipitopito rārangi puna kōrero
Kaituhi matua: Arikawa, Hiro (autor)
Hōputu: Pukapuka
Reo:Pāniora
I whakaputaina: México : Lumen, 2025, c2025
Rangatū:(Lumen Narrativa)
Ngā marau:
Ngā Tūtohu: Tāpirihia he Tūtohu
Kāore He Tūtohu, Me noho koe te mea tuatahi ki te tūtohu i tēnei pūkete!

MARC

LEADER 00000nam^a2200000^a^4500
001 000624958
005 20251128000000.0
009 20260310134006.942
020 |a 978-607-386-318-6 
037 |a Acervo ITESO - Biblioteca 
041 |a ESP 
082 |a 895. 6  |b ARI 
100 |a Arikawa, Hiro  |e (autor) 
245 1 4 |a Los pasajeros del tren de Hankyū  |c H. Arikawa ; tr. por Yoko Ogihara, Fernando Cordobés. 
264 4 |a México :  |b Lumen,  |c 2025, c2025 
300 |a 186 p. 
336 |a texto  |b txt  |2 rdacontenido 
337 |a sin mediación  |b n  |2 rdamedio 
338 |a volumen  |b nc  |2 rdasoporte 
440 1 |a (Lumen Narrativa) 
500 |a Traducción de: Hankyū Densa 
521 |a Librerías 2025 Gonvill 
649 |a XX 
650 |a Novela Japonesa 
650 |a Literatura Japonesa -  |y Siglo XXI 
650 |a Literatura de Mujeres -  |z Japón 
650 |a Ferrocarriles en la Literatura 
650 |a Vida Cotidiana en la Literatura 
910 |a Fondo General 
920 |a Impresos - Libros 
930 |a Colección General 
940 |a Literatura 
905 |a 101 
901 |a 624958-10  |b IT1  |c LIT  |i C191124  |u 20251128 
902 |a https://opac.biblio.iteso.mx/vufind/Record/000624958